Nghiệp vụ và nghệ thuật điều hành doanh nghiệp /
Các nguyên tắc cơ bản của sản xuất, quản lý nhà máy, lực đòn bẩy của nhà quản lý, họp - một biện pháp để giải quyết công việc của nhà quản lý, quyết định, đặt kế hoạch, chế độ báo cáo kép, cách thức điều hành, sự tương đồng thể thao......
Saved in:
| Main Author: | |
|---|---|
| Other Authors: | |
| Format: | Book |
| Language: | Vietnamese |
| Published: |
Tp.HCM :
Giao thông vận tải,
1999.
|
| Subjects: | |
| Tags: |
Add Tag
No Tags, Be the first to tag this record!
|
| Institutions: | Mạng thư viện Đại học Đà Nẵng |
|---|
| LEADER | 01256cam a2200349 i 4500 | ||
|---|---|---|---|
| 001 | 000043144 | ||
| 003 | 1019 | ||
| 005 | 20041027075655.0 | ||
| 008 | 010217b1999 vm 000 vie | ||
| 020 | |c 22000 | ||
| 040 | |a IRC |c IRC |d IRC | ||
| 041 | 1 | |a vie | |
| 082 | 1 | 4 | |a 658.04 |b GR-A |
| 100 | 1 | |a Grove, Andrew S. | |
| 245 | 1 | 0 | |a Nghiệp vụ và nghệ thuật điều hành doanh nghiệp / |c Andrew S.Grove ; Nguyễn Thuý Anh dịch. |
| 260 | |a Tp.HCM : |b Giao thông vận tải, |c 1999. | ||
| 300 | |a 264 tr. ; |c 20 cm. | ||
| 520 | 3 | |a Các nguyên tắc cơ bản của sản xuất, quản lý nhà máy, lực đòn bẩy của nhà quản lý, họp - một biện pháp để giải quyết công việc của nhà quản lý, quyết định, đặt kế hoạch, chế độ báo cáo kép, cách thức điều hành, sự tương đồng thể thao... | |
| 630 | 0 | 4 | |a Kinh tế. |
| 630 | 0 | 4 | |a Quản trị chiến lược. |
| 650 | 0 | 4 | |a Doanh nghiệp. |
| 700 | 1 | |a Nguyễn Thuý Anh, |e dịch. | |
| OWN | |a DUT | ||
| 999 | |a From the UDN01 | ||
| TYP | |a Monograph | ||
| TYP | |a Printed language | ||
| 980 | |a Mạng thư viện Đại học Đà Nẵng | ||